Nghiên cứu tác dụng giảm đau, chống viêm của một số sản phẩm chế biến và bào chế từ phụ tử Sa Pa /

Saved in:
Bibliographic Details
Main Author: Bùi Hồng Cường.
Other Authors: Nguyễn Trọng Thông., Phùng Hòa Bình.
Format: Article
Language:Vietnamese
Subjects:
Tags: Add Tag
No Tags, Be the first to tag this record!
Institutions: Thư viện Trường Đại học Đà Lạt
LEADER 00964nam a2200289 4500
001 DLU100110912
005 ##20100820
040 # # |a DLU  |b vie 
041 # # |a vie 
044 # # |a vn 
100 # # |a Bùi Hồng Cường. 
245 # # |a Nghiên cứu tác dụng giảm đau, chống viêm của một số sản phẩm chế biến và bào chế từ phụ tử Sa Pa /  |c Bùi Hồng Cường, Phùng Hòa Bình, Nguyễn Trọng Thông. 
653 # # |a Dược lí học 
653 # # |a Hóa sinh học 
653 # # |a Y học cổ truyền 
700 # # |a Nguyễn Trọng Thông. 
700 # # |a Phùng Hòa Bình. 
773 # # |t Tạp chí Dược học  |g Số 7(387), 2008, tr. 9-14 
920 # # |a Phòng Tạp chí -- Trung tâm Thông tin - Thư viện Trường Đại học Đà Lạt 
994 # # |a DLU 
900 # # |a True 
911 # # |a Nguyễn Thị Linh Chi 
925 # # |a G 
926 # # |a A 
927 # # |a BB 
980 # # |a Thư viện Trường Đại học Đà Lạt